000 00641nam a2200253Ia 4500
003 OSt
005 20220918200653.0
006 a|||||r|||| 00| 0
007 ta
008 220917b |||||||| |||| 00| 0 eng d
024 _a89,809
037 _cTextual
040 _aARTS
_cARTS
_beng
041 _2eng
_aeng
082 _aU8:613:N3, K6
100 _aBradley Kenneth
_995120
245 0 _aDairy of a district officer
250 _a4th
260 _aLondon
_bMacmillan
_c1966
300 _a192p.
_ccm.
650 _aGEOGRAPHY
942 _hU8:613:N3, K6
_cTEXL
_2CC
999 _c213478
_d213478